| 000 | 00512cam a2200169u 4500 | ||
|---|---|---|---|
| 082 |
_a728.1 _bCON _cL-14, P-10 |
||
| 110 | 2 |
_aConcrete Association of India. [from old catalog] _945798 |
|
| 245 | 1 | 0 | _aLow cost soil-cement houses. |
| 250 | _a[1st ed.] | ||
| 260 |
_aBombay, _c1962. |
||
| 300 |
_a50 p. _billus. _c25 cm. |
||
| 526 |
_a0 _b0 _c0 _d728_100000000000000_CON |
||
| 650 | 0 |
_aConcrete houses. _945799 |
|
| 650 | 0 |
_aPrecast concrete construction. _921295 |
|
| 650 | 0 |
_aSoil cement. _943657 |
|
| 942 |
_2ddc _cBK |
||
| 999 |
_c549245 _d549245 |
||